Countries by words in Official Country Names (2/2) - Statistics

General Stats
  • This quiz has been taken 80 times
  • The average score is 15 of 24
Answer Stats
ANSWER % Correct
People's Republic of China
93%
Democratic People's Republic of Korea
91%
Democratic People's Republic of Korea
91%
Democratic Republic of the Congo
88%
Arab Republic of Egypt
82%
United Arab Emirates
81%
Lao People's Democratic Republic
72%
Lao People's Democratic Republic
72%
Syrian Arab Republic
72%
Federal Republic of Germany
66%
People's Democratic Republic of Algeria
61%
People's Democratic Republic of Algeria
61%
Federal Republic of Nigeria
52%
Federal Republic of Somalia
52%
Federal Democratic Republic of Ethiopia
51%
Federal Democratic Republic of Ethiopia
51%
Federal Democratic Republic of Nepal
51%
Federal Democratic Republic of Nepal
51%
Independent State of Samoa
48%
Independent State of Papua New Guinea
46%
Democratic Socialist Republic of Sri Lanka
45%
People's Republic of Bangladesh
45%
Democratic Republic of Timor-Leste
40%
Democratic Republic of São Tomé and Príncipe
39%
No matching quizzes found
Score Distribution
Percent of People with Each Score
Percentile by Number Answered
Your Score History
You have not taken this quiz